| 000 | 00518nam a2200205Ia 4500 | ||
|---|---|---|---|
| 003 | OSt | ||
| 005 | 20230427111058.0 | ||
| 008 | 210423s1989 xx 000 0 und d | ||
| 040 | _cAL | ||
| 041 | _aeng | ||
| 082 | _a581.2 THUH | ||
| 100 |
_aTHURSTON (H David). _993836 |
||
| 245 | _aTropical plant diseases. | ||
| 260 |
_aJodhpur _bScientific Publishers _c1989 |
||
| 300 |
_avii,208 _bPB |
||
| 365 | _cINR | ||
| 650 |
_aPathology of Plants _993837 |
||
| 906 | _adiseases. ; plant ; Tropical | ||
| 942 |
_2ddc _cBK |
||
| 999 |
_c162743 _d162743 |
||